[Event "IECG CP.2008.P.00021 email"]
[Site "IECG email"]
[Date "2008.10.01"]
[Round "?"]
[White "Wood, Brian"]
[Black "Peli, Giora"]
[Result "0-1"]
[WhiteElo "583"]
[BlackElo "2339"]
[PlyCount "46"]
[EventDate "2008.10.01"]
[EventType "tourn (corr)"]
[EventRounds "6"]
[EventCountry "ARG"]
[SourceTitle "Corr 2024"]
[Source "ChessBase"]
[SourceDate "2023.10.19"]
[SourceVersion "1"]
[SourceVersionDate "2023.10.19"]
[SourceQuality "1"]

1. d4 d5 2. c4 c6 3. Nf3 Nf6 4. Nc3 e6 5. Bg5 h6 6. Bh4 dxc4 7. e3 b5 8. Be2 Bb7 9. 0-0 Be7 10. a4 a6 11. axb5 cxb5 12. Ne5 Nbd7 13. Nxd7 Qxd7 14. Bf3 0-0 15. Bxf6 Bxf6 16. Bxb7 Qxb7 17. Qg4 b4 18. Ne4 Be7 19. Qf3 Qd5 20. Rfc1 Rfc8 21. Ra4 a5 22. Ng3 Qb5 23. b3 cxb3 0-1

[Event "IECG WC.2009.T.00002 email"]
[Site "IECG email"]
[Date "2008.04.15"]
[Round "1"]
[White "Braakhuis, Wilfried"]
[Black "Peli, Giora"]
[Result "1/2-1/2"]
[WhiteElo "2389"]
[BlackElo "2351"]
[PlyCount "104"]
[EventDate "2008.04.15"]
[EventType "tourn (corr)"]
[EventRounds "10"]
[SourceTitle "Corr 2024"]
[Source "ChessBase"]
[SourceDate "2023.10.19"]
[SourceVersion "1"]
[SourceVersionDate "2023.10.19"]
[SourceQuality "1"]

1. c4 Nf6 2. d4 e6 3. Nf3 d5 4. Nc3 c6 5. e3 Nbd7 6. Bd3 dxc4 7. Bxc4 b5 8. Bd3 Bb7 9. 0-0 a6 10. e4 c5 11. d5 Qc7 12. dxe6 fxe6 13. Bc2 c4 14. Nd4 Nc5 15. Be3 0-0-0 16. Qe2 e5 17. Nf3 Bd6 18. b3 b4 19. Nd5 Nxd5 20. exd5 c3 21. a3 e4 22. Ng5 h6 23. Nxe4 Nxe4 24. Bxe4 bxa3 25. g3 Rhe8 26. Qd3 Kb8 27. Rfc1 Qa5 28. Qd4 Bc5 29. Qxc5 Qxc5 30. Bxc5 Rxe4 31. d6 Re2 32. Kf1 Rd2 33. Rxa3 Bf3 34. b4 c2 35. Rxf3 Rd1+ 36. Ke2 Rxc1 37. Kd2 Ra1 38. Kxc2 Rd7 39. Kb2 Rd1 40. Kc3 Kb7 41. Kc4 Kc6 42. Ra3 Kb7 43. h4 h5 44. Re3 Kc6 45. Rc3 Rd8 46. Ra3 Ra8 47. Rxa6+ Rxa6 48. b5+ Kb7 49. bxa6+ Kxa6 50. Bd4 Kb7 51. Kc5 Rc1+ 52. Kd5 Rd1 1/2-1/2

[Event "IECG WC.2009.T.00002 email"]
[Site "IECG email"]
[Date "2008.04.15"]
[Round "1"]
[White "Nadanian, Ashot"]
[Black "Peli, Giora"]
[Result "0-1"]
[WhiteElo "2295"]
[BlackElo "2351"]
[PlyCount "64"]
[EventDate "2008.04.15"]
[EventType "tourn (corr)"]
[EventRounds "10"]
[SourceTitle "Corr 2024"]
[Source "ChessBase"]
[SourceDate "2023.10.19"]
[SourceVersion "1"]
[SourceVersionDate "2023.10.19"]
[SourceQuality "1"]

1. e4 e5 2. Nf3 Nc6 3. Bb5 a6 4. Bxc6 dxc6 5. 0-0 f6 6. d4 Bg4 7. c3 Bd6 8. Be3 Qe7 9. Nbd2 0-0-0 10. Qc2 exd4 11. cxd4 Re8 12. Qd1 Qe6 13. Re1 Ne7 14. h3 h5 15. hxg4 hxg4 16. e5 gxf3 17. exd6 fxg2 18. Qf3 Nf5 19. Qxg2 Qxd6 20. Ne4 Qd8 21. Rac1 Nh4 22. Qh3+ Kb8 23. f3 g5 24. Kf1 g4 25. Qxg4 f5 26. Qg5 Qd5 27. Rc5 Qe6 28. d5 cxd5 29. Nd2 f4 30. Qxf4 Qh3+ 31. Ke2 Ng2 32. Qxc7+ Ka8 0-1

[Event "IECG CP.2005.S.00008"]
[Site "IECG email"]
[Date "2008.04.12"]
[Round "?"]
[White "Peli, Giora"]
[Black "Ivanov, Alexandr Sergeevich"]
[Result "1/2-1/2"]
[WhiteElo "2345"]
[BlackElo "1988"]
[PlyCount "88"]
[EventDate "2008.04.12"]
[EventType "tourn (corr)"]
[EventRounds "6"]
[SourceTitle "Corr 2024"]
[Source "ChessBase"]
[SourceDate "2023.10.19"]
[SourceVersion "1"]
[SourceVersionDate "2023.10.19"]
[SourceQuality "1"]

1. e4 e5 2. Nf3 Nc6 3. Bb5 a6 4. Ba4 Nf6 5. 0-0 Nxe4 6. d4 b5 7. Bb3 d5 8. dxe5 Be6 9. Qe2 Be7 10. Rd1 0-0 11. c4 bxc4 12. Bxc4 Bc5 13. Be3 Bxe3 14. Qxe3 Qb8 15. Bb3 Na5 16. Nbd2 Nxd2 17. Rxd2 Nxb3 18. axb3 Rc8 19. Rc1 Qb4 20. Rc5 Rab8 21. Rd3 Rb5 22. Rc6 Rb6 23. Nd4 Bd7 24. Nc2 Qe7 25. Rc5 c6 26. Rdxd5 Rcb8 27. Rd3 Bf5 28. Rdc3 Bxc2 29. Rxc2 Rxb3 30. Qe4 Rd8 31. g3 Rxb2 32. Rxc6 Rxc2 33. Rxc2 h6 34. Rc6 Qb7 35. e6 Re8 36. exf7+ Qxf7 37. Qb1 a5 38. Ra6 Qd5 39. Ra7 Ra8 40. Rc7 Rf8 41. Qa1 Rf7 42. Rc8+ Rf8 43. Rc7 Rf7 44. Rc8+ Rf8 1/2-1/2

[Event "IECG CP.2006.Q.00017 email"]
[Site "IECG email"]
[Date "2008.01.15"]
[Round "?"]
[White "Peli, Giora"]
[Black "Heiser, Jerome"]
[Result "1-0"]
[WhiteElo "2348"]
[BlackElo "1194"]
[PlyCount "85"]
[EventDate "2008.01.15"]
[EventType "tourn (corr)"]
[EventRounds "6"]
[SourceTitle "Corr 2024"]
[Source "ChessBase"]
[SourceDate "2023.10.19"]
[SourceVersion "1"]
[SourceVersionDate "2023.10.19"]
[SourceQuality "1"]

1. e4 e5 2. Nf3 Nf6 3. Nxe5 Qe7 4. d4 d6 5. Nf3 Qxe4+ 6. Be2 Bf5 7. c4 Be7 8. 0-0 0-0 9. Nc3 Qc2 10. Qxc2 Bxc2 11. Bf4 Re8 12. Rfe1 Na6 13. a3 h6 14. b4 g5 15. Bg3 Nh5 16. b5 Nxg3 17. hxg3 Nb8 18. Nd5 Nd7 19. Nxc7 Bf6 20. g4 Rab8 21. Nxe8 Rxe8 22. Rac1 Bg6 23. c5 dxc5 24. dxc5 Bb2 25. c6 Nf6 26. Rc4 bxc6 27. bxc6 Rc8 28. a4 Nd5 29. Rc5 Nf4 30. c7 Ba3 31. Rc6 Be4 32. Rc3 Nxe2+ 33. Rxe2 Bxf3 34. gxf3 Bd6 35. Rc6 Bf4 36. Rec2 Kf8 37. Ra6 Rxc7 38. Rxc7 Bxc7 39. Rxa7 Bb6 40. Ra8+ Ke7 41. a5 Bd4 42. Rb8 Kd7 43. Rb4 1-0

[Event "IECG CP.2006.Q.00017 email"]
[Site "IECG email"]
[Date "2008.01.15"]
[Round "?"]
[White "Peli, Giora"]
[Black "Van den Cruyce, Els"]
[Result "1-0"]
[WhiteElo "2348"]
[BlackElo "1926"]
[PlyCount "41"]
[EventDate "2008.01.15"]
[EventType "tourn (corr)"]
[EventRounds "6"]
[SourceTitle "Corr 2024"]
[Source "ChessBase"]
[SourceDate "2023.10.19"]
[SourceVersion "1"]
[SourceVersionDate "2023.10.19"]
[SourceQuality "1"]

1. e4 e5 2. Nf3 Nc6 3. Bb5 Nd4 4. Nxd4 exd4 5. 0-0 h5 6. d3 Bc5 7. Nd2 c6 8. Bc4 d5 9. Bb3 Ne7 10. exd5 cxd5 11. Re1 h4 12. h3 a5 13. Ba4+ Bd7 14. Nb3 Bb6 15. Qg4 Bxa4 16. Qxg7 Kd7 17. Qxf7 Bxb3 18. Bg5 Bc5 19. cxb3 Rf8 20. Qe6+ Ke8 21. Rac1 1-0

[Event "IECG WC.2010.S.00001 email"]
[Site "IECG email"]
[Date "2007.12.15"]
[Round "?"]
[White "Granara Barreto, Sebastian"]
[Black "Peli, Giora"]
[Result "1/2-1/2"]
[WhiteElo "2077"]
[BlackElo "2348"]
[PlyCount "107"]
[EventDate "2007.12.15"]
[EventType "tourn (corr)"]
[EventRounds "6"]
[SourceTitle "Corr 2024"]
[Source "ChessBase"]
[SourceDate "2023.10.19"]
[SourceVersion "1"]
[SourceVersionDate "2023.10.19"]
[SourceQuality "1"]

1. e4 e5 2. f4 exf4 3. Bc4 Nf6 4. Nc3 c6 5. d4 Bb4 6. e5 Ne4 7. Kf1 Nxc3 8. bxc3 d5 9. exd6 Bxd6 10. Qh5 Qf6 11. Nf3 0-0 12. Rb1 Nd7 13. Ng5 Qg6 14. Qxg6 hxg6 15. Ne4 Bc7 16. Kf2 b5 17. Bd3 Nb6 18. Nc5 Bf5 19. Bd2 Rfe8 20. Rhe1 Nd5 21. Rxe8+ Rxe8 22. a4 Bxd3 23. cxd3 Ba5 24. Rb3 bxa4 25. Nxa4 g5 26. Nb2 Bc7 27. Nc4 a5 28. Rb7 Ra8 29. Ne5 Bxe5 30. dxe5 c5 31. Kf3 a4 32. c4 Nb4 33. Bxb4 cxb4 34. Rxb4 f6 35. Ke4 a3 36. Rb1 a2 37. Ra1 Kf7 38. d4 Ra3 39. c5 Ke7 40. Kf5 g6+ 41. Kxg6 fxe5 42. dxe5 g4 43. c6 Ra6 44. Kg7 Ra7 45. Kg6 Ra6 46. Kg7 Ra5 47. c7 Kd7 48. e6+ Kxc7 49. e7 Kd7 50. Kf7 Rf5+ 51. Kg6 Ra5 52. Kf7 Rf5+ 53. Kg6 Ra5 54. Kf7 1/2-1/2

[Event "IECG WC.2010.S.00001 email"]
[Site "IECG email"]
[Date "2007.12.15"]
[Round "?"]
[White "Peli, Giora"]
[Black "Miras Garcia, Eduardo"]
[Result "0-1"]
[WhiteElo "2348"]
[BlackElo "2320"]
[PlyCount "140"]
[EventDate "2007.12.15"]
[EventType "tourn (corr)"]
[EventRounds "6"]
[SourceTitle "Corr 2024"]
[Source "ChessBase"]
[SourceDate "2023.10.19"]
[SourceVersion "1"]
[SourceVersionDate "2023.10.19"]
[SourceQuality "1"]

1. e4 c5 2. Nf3 d6 3. d4 cxd4 4. Nxd4 Nf6 5. f3 e5 6. Nb3 d5 7. Bg5 Be6 8. Bxf6 gxf6 9. exd5 Qxd5 10. Qxd5 Bxd5 11. Nc3 Be6 12. 0-0-0 Nd7 13. Nb5 Ke7 14. Nc7 Rc8 15. Nd5+ Bxd5 16. Rxd5 Nb6 17. Rb5 Kd6 18. Bd3 Kc7 19. Na5 h5 20. Be4 h4 21. Bxb7 Rb8 22. Be4 Nc4 23. Rxb8 Bh6+ 24. Kb1 Nd2+ 25. Ka1 Rxb8 26. Bf5 Rg8 27. Bh3 f5 28. c3 e4 29. fxe4 fxe4 30. Nb3 Nxb3+ 31. axb3 e3 32. Rd1 f5 33. Kb1 Rd8 34. Re1 Rd2 35. Bxf5 Rxg2 36. h3 Kd6 37. Bg4 Ke5 38. Bf3 Rf2 39. Be2 Ke4 40. Kc2 Rh2 41. b4 Rxh3 42. Rd1 Bg7 43. Rd7 Be5 44. Rxa7 Rh2 45. Kd1 h3 46. Rh7 Rh1+ 47. Kc2 Bf4 48. Re7+ Kf5 49. Rf7+ Ke5 50. Rh7 h2 51. Kd3 Rb1 52. Rh5+ Kf6 53. Ke4 Be5 54. Rh6+ Kg7 55. Rh5 h1Q+ 56. Rxh1 Rxh1 57. Kxe3 Rb1 58. c4 Rxb2 59. b5 Bf4+ 60. Kf3 Kf6 61. c5 Ke5 62. c6 Kd5 63. Bf1 Rb1 64. Bd3 Rb3 65. Kxf4 Rxd3 66. c7 Rc3 67. b6 Kd6 68. Ke4 Rc6 69. Kd4 Kd7 70. Kd5 Rxb6 0-1

[Event "IECG email"]
[Site "IECG email"]
[Date "2007.10.24"]
[Round "?"]
[White "Girardot, Philippe"]
[Black "Peli, Giora"]
[Result "0-1"]
[WhiteElo "2249"]
[BlackElo "2335"]
[PlyCount "80"]
[EventDate "2007.10.24"]
[EventType "tourn (corr)"]
[EventRounds "6"]
[SourceTitle "Corr 2024"]
[Source "ChessBase"]
[SourceDate "2023.10.19"]
[SourceVersion "1"]
[SourceVersionDate "2023.10.19"]
[SourceQuality "1"]

1. d4 d5 2. c4 c6 3. Nc3 Nf6 4. Nf3 e6 5. e3 Nbd7 6. Bd3 dxc4 7. Bxc4 b5 8. Bd3 Bb7 9. 0-0 a6 10. e4 c5 11. d5 Qc7 12. dxe6 fxe6 13. Bc2 c4 14. Nd4 Nc5 15. Be3 e5 16. Nf5 Ncxe4 17. Nxe4 Nxe4 18. Qe2 g6 19. Nh6 Nf6 20. Rad1 Bd6 21. a4 0-0-0 22. b3 Qc6 23. f3 Rhf8 24. axb5 axb5 25. bxc4 bxc4 26. Bb3 Nd5 27. Rxd5 cxb3 28. Rb5 Ba3 29. Rxb3 Ba6 30. Qe1 Bxf1 31. Rxa3 Bc4 32. Qa1 Qd5 33. Rc3 Kd7 34. Qa4+ Bb5 35. Qg4+ Kd6 36. Bc5+ Qxc5+ 37. Rxc5 Kxc5 38. Qe4 Rfe8 39. Ng4 Rd1+ 40. Kf2 Rd2+ 0-1

[Event "IECG email"]
[Site "IECG email"]
[Date "2007.10.02"]
[Round "?"]
[White "Peli, Giora"]
[Black "Kireev, Sergey Ivanovich"]
[Result "0-1"]
[WhiteElo "2335"]
[BlackElo "2262"]
[PlyCount "142"]
[EventDate "2007.10.02"]
[EventType "tourn (corr)"]
[EventRounds "6"]
[SourceTitle "Corr 2024"]
[Source "ChessBase"]
[SourceDate "2023.10.19"]
[SourceVersion "1"]
[SourceVersionDate "2023.10.19"]
[SourceQuality "1"]

1. e4 e5 2. Nf3 Nc6 3. d4 exd4 4. Nxd4 Bc5 5. Be3 Qf6 6. c3 Nge7 7. Bc4 b6 8. 0-0 Bb7 9. f4 0-0-0 10. b4 Bxd4 11. cxd4 Nxb4 12. a3 d5 13. Be2 Nbc6 14. e5 Qh4 15. Qd3 g6 16. Nd2 Nf5 17. Nf3 Qe7 18. Bf2 h5 19. Qc3 Kb8 20. Rfb1 Rdg8 21. a4 a5 22. Rb2 h4 23. Rab1 h3 24. g3 Ng7 25. Bb5 Nb4 26. Rxb4 axb4 27. Rxb4 Ne6 28. Rb3 c6 29. Bf1 Qc7 30. Be1 Rc8 31. Qa1 Ka7 32. Bb4 Ba6 33. Bd6 Qd7 34. a5 b5 35. Qc3 Ka8 36. Qb4 Rce8 37. Rc3 Rh6 38. Be2 Rc8 39. Nd2 Rd8 40. Bg4 f5 41. Be2 Rg8 42. Nf3 Rh7 43. Bd3 Rhg7 44. Bf1 Rh8 45. Rc1 Rgh7 46. Bd3 Rg7 47. Kh1 Rhg8 48. Nh4 Rf7 49. Qb2 g5 50. Nxf5 Nxf4 51. gxf4 Rxf5 52. Bxf5 Qxf5 53. Qe2 gxf4 54. e6 f3 55. Qf2 Qxe6 56. Bb4 Bc8 57. Rg1 Rg2 58. Qxf3 Qg6 59. Rxg2 hxg2+ 60. Kg1 Qb1+ 61. Kxg2 Qxb4 62. Qf6 Qd2+ 63. Kf3 Qd3+ 64. Kf2 Qf5+ 65. Qxf5 Bxf5 66. Ke3 Ka7 67. Kf4 b4 68. Kxf5 b3 69. h4 b2 70. h5 b1Q+ 71. Kf6 Qe4 0-1

[Event "IECG email"]
[Site "IECG email"]
[Date "2007.10.02"]
[Round "?"]
[White "Peli, Giora"]
[Black "Kund, Wolfgang"]
[Result "1-0"]
[WhiteElo "2335"]
[BlackElo "2245"]
[PlyCount "113"]
[EventDate "2007.10.02"]
[EventType "tourn (corr)"]
[EventRounds "6"]
[SourceTitle "Corr 2024"]
[Source "ChessBase"]
[SourceDate "2023.10.19"]
[SourceVersion "1"]
[SourceVersionDate "2023.10.19"]
[SourceQuality "1"]

1. e4 e6 2. d4 d5 3. Nd2 c5 4. exd5 Qxd5 5. Ngf3 cxd4 6. Bc4 Qd6 7. 0-0 Nf6 8. Nb3 Nc6 9. Nbxd4 Nxd4 10. Nxd4 a6 11. Re1 Qc7 12. Bb3 Bd7 13. Qf3 Bd6 14. h3 0-0-0 15. Bg5 Bh2+ 16. Kh1 Be5 17. Rad1 h6 18. Be3 Kb8 19. Qe2 Bd6 20. Nf3 Bc6 21. c4 Bb4 22. Rf1 Ka8 23. a3 Be7 24. Nd4 Be4 25. Bc2 Bxc2 26. Nxc2 Ne4 27. Kg1 Rc8 28. Bd4 f5 29. b4 Qxc4 30. Qxc4 Rxc4 31. Ne3 Rc6 32. Bxg7 Rh7 33. Be5 Bf6 34. Bxf6 Nxf6 35. Rd8+ Ka7 36. a4 Ne4 37. b5 Rc3 38. Rb1 b6 39. Re8 Nc5 40. bxa6 h5 41. Rb4 Rd7 42. Rc8 Rc1+ 43. Kh2 Nxa6 44. Rxc1 Nxb4 45. Rd1 Nd3 46. f3 f4 47. Nc4 Ka6 48. Rb1 Rb7 49. h4 Nc5 50. Rb4 Nd3 51. Rb5 Nc5 52. g4 fxg3+ 53. Kxg3 Rb8 54. f4 Nxa4 55. Rxh5 b5 56. Nd6 Rb6 57. Nxb5 1-0

[Event "IECG CP.2007.P.00054 email"]
[Site "IECG email"]
[Date "2007.10.01"]
[Round "?"]
[White "Peli, Giora"]
[Black "Comunoglu, Cem"]
[Result "1-0"]
[WhiteElo "2330"]
[BlackElo "1902"]
[PlyCount "71"]
[EventDate "2007.10.01"]
[EventType "tourn (corr)"]
[EventRounds "6"]
[SourceTitle "Corr 2024"]
[Source "ChessBase"]
[SourceDate "2023.10.19"]
[SourceVersion "1"]
[SourceVersionDate "2023.10.19"]
[SourceQuality "1"]

1. e4 c6 2. d4 d5 3. e5 Bf5 4. Nc3 e6 5. g4 Bg6 6. Nge2 c5 7. h4 h6 8. Be3 cxd4 9. Nxd4 Bb4 10. h5 Bh7 11. Qd2 Nd7 12. a3 Bxc3 13. Qxc3 Nxe5 14. Nxe6 fxe6 15. Qxe5 Qf6 16. Bb5+ Kf7 17. f4 Ne7 18. c3 Rhc8 19. Qd6 Rd8 20. Qc7 Rac8 21. Qxb7 Rb8 22. Qc7 Rdc8 23. Qa5 Kg8 24. Bd7 Rc4 25. 0-0-0 Kh8 26. Rhf1 Rb7 27. Ba4 Qh4 28. Qd8+ Bg8 29. Qa8 Rcc7 30. Bd4 Qxg4 31. Rd2 Nf5 32. Be5 Re7 33. Bd1 Qh3 34. Re1 Qg3 35. Ree2 Kh7 36. Qc8 1-0

[Event "IECG CP.2007.P.00054 email"]
[Site "IECG email"]
[Date "2007.10.01"]
[Round "?"]
[White "Sarosy, Zoltan"]
[Black "Peli, Giora"]
[Result "0-1"]
[WhiteElo "2126"]
[BlackElo "2330"]
[PlyCount "146"]
[EventDate "2007.10.01"]
[EventType "tourn (corr)"]
[EventRounds "6"]
[SourceTitle "Corr 2024"]
[Source "ChessBase"]
[SourceDate "2023.10.19"]
[SourceVersion "1"]
[SourceVersionDate "2023.10.19"]
[SourceQuality "1"]

1. Nf3 Nf6 2. c4 c6 3. Nc3 d5 4. e3 e6 5. b3 Nbd7 6. Bb2 Bd6 7. Be2 0-0 8. 0-0 Qe7 9. Nd4 Nc5 10. Qc2 e5 11. Nf3 e4 12. Nd4 dxc4 13. bxc4 Bg4 14. f3 Qe5 15. f4 Qh5 16. Ba3 Rfe8 17. h3 Bxe2 18. Ncxe2 Rad8 19. Rab1 Rd7 20. Ng3 Qg6 21. Ngf5 Bf8 22. Bb4 Red8 23. Kh2 h5 24. Ba5 Rc8 25. Nh4 Qh7 26. Bc3 Nd3 27. Qa4 b6 28. g3 Ne8 29. f5 Bd6 30. Qa6 Rcc7 31. Qa4 Be7 32. Nb3 c5 33. Nc1 Nxc1 34. Rbxc1 Bf6 35. Rcd1 Bxc3 36. dxc3 Nf6 37. Rxd7 Rxd7 38. Rd1 Rxd1 39. Qxd1 Qh6 40. Ng2 Qg5 41. Qf1 Ne8 42. Qf4 Qe7 43. Qb8 Kh7 44. Qa8 Nf6 45. Qb8 Qd7 46. Qf4 Qd1 47. Qc7 Nd7 48. Qd8 Qd6 49. Qh4 Nf6 50. Qf4 Qd3 51. g4 hxg4 52. hxg4 Ne8 53. g5 Kg8 54. Kg3 f6 55. Qb8 Qd6+ 56. Qxd6 Nxd6 57. gxf6 gxf6 58. Kf4 Kf7 59. Ne1 Nxc4 60. Kxe4 Nd6+ 61. Kd5 Nxf5 62. Ng2 Ng3 63. Nf4 Nf1 64. e4 Ke7 65. a4 Kd7 66. Ng2 Ng3 67. Nf4 a6 68. a5 bxa5 69. Nd3 c4 70. Nc5+ Kc7 71. Nxa6+ Kb6 72. Nc5 Kb5 73. Nb7 Nxe4 0-1